| 000 | 00868cam a2200229 i 4500 | ||
|---|---|---|---|
| 003 | SA-RiAUC | ||
| 005 | 20250509153433.0 | ||
| 008 | 250508s1980 ua g 00010 ara c | ||
| 040 |
_aQA-DoQUL _bara _cSA-RiAUC _erda |
||
| 082 | 0 | 4 | _a253.2 |
| 090 |
_a253.2 _b ع ث م |
||
| 100 | 1 |
_aعثمان، محمد رأفت، _d1935-2016 _eمؤلف. |
|
| 245 | 1 | 0 |
_aعقد البيع : _bأركانه وشروطه صحته في الشريعة الإسلامية / _cمحمد رأفت عثمان. |
| 264 | 1 |
_aالقاهرة : _bدار الكتاب الجامعي، _c1980 |
|
| 300 |
_a112 صفحة ؛ _c20 سم |
||
| 336 |
_aنص _btxt _2rdacontent _3كتاب |
||
| 337 |
_aبدون وسيط _bn _2rdamedia |
||
| 338 |
_aمجلد _bnc _2rdacarrier |
||
| 650 | 7 |
_aالبيع (فقه إسلامي) _2aucsh |
|
| 942 |
_2ddc _cBOOK _n0 |
||
| 949 |
_aSA-JeALM _d250508 _umohamedma123 _n1 |
||
| 999 |
_c7740 _d7740 |
||